Normal view
MARC view
- Shahzad, Ahmad
Entry Personal Name
001 - CONTROL NUMBER
- control field: 109647
003 - CONTROL NUMBER IDENTIFIER
- control field: NUST
005 - DATE AND TIME OF LATEST TRANSACTION
- control field: 20230228143936.0
008 - FIXED-LENGTH DATA ELEMENTS
- fixed length control field: 230228|| aca||aabn | a|a d
040 ## - CATALOGING SOURCE
- Original cataloging agency: NUST
- Transcribing agency: NUST
100 ## - HEADING--PERSONAL NAME
- Personal name: Shahzad, Ahmad
670 ## - SOURCE DATA FOUND
- Source citation: Work cat.: (NUST)188016: Shahzad, Ahmad, Aj Aur Kal Science Ky Aien-e -Mian , 1995
